000 00492nam a2200181Ia 4500
005 20250326144923.0
008 250326s9999 xx 000 0 und d
020 _a81-219-0278-9
037 _aTextbook
040 _aFMSL
_beng
_cFMSL
041 _aeng
_2eng
084 _aX:8H P5
_qFMSL
100 _aShukla M C
245 0 _aAdvanced accounts
_cShukla M C; Grewal T S
260 _aNew Delhi
_bNew Delhi, S Chand
_c2005
942 _cTB
_hX:8H P5
999 _c1305624
_d1305624